000 00549nam a2200193Ia 4500
003 GCL
008 140319s9999 xx 000 0 ara d
040 _aGCL /
_cGCL
082 0 4 _a791.43
_bهـ د
100 1 _aهاشم النحاس
245 1 0 _aدراسات سينمائية حول الابداع الفيلمى خاصة /
_cهاشم النحاس
300 _a288 ص
490 _a
650 0 4 _aالجزائر
650 0 4 _aالافلام السينمائية
650 0 4 _aالسينما
650 0 4 _aالابداع
942 _2ddc
_cBK
999 _c40087
_d40087